000 00367pam a2200157a 44500
008 230515b1987 xxu||||| |||| 00| 0 eng d
020 _aNULL
041 _aENGL
082 _a005.7565 / HAM.
100 _aHAMMIT J.E. AND PRAGUE .
245 _aDBASE III PLUS PROGRAMMING
250 _aN.D.
260 _aNULL
_bC.B.S
_c1987
300 _a229 PB
650 _aNULL
999 _c617900
_d617900